000 00667nam a2200229Ia 4500
003 GCL
008 140319s9999 xx 000 0 ara d
040 _aGCL /
_cGCL
082 0 4 _a394.3
_bم ا
100 1 _aمحمد عادل خطاب
245 1 0 _aالالعاب التريضية الشعبية /
_cمحمد عادل خطاب
260 _a[S.N] :
_bمكتبة الانجلوالمصرية ،
_c1964
300 _a198
490 _a
650 0 4 _aالالعاب
650 0 4 _aالرياضة البدنية
650 0 4 _aالترفيه
650 0 4 _aالتسالى
650 0 4 _aالريف
650 0 4 _aالالعاب الشعبية
942 _2ddc
_cBK
999 _c32287
_d32287